The Battle of Buena Vista with the operations of the ´Army of occupation´ for one month (Record no. 3452)

MARC details
000 -CABECERA
campo de control de longitud fija 00825nam a2200241 a 4500
001 - NÚMERO DE CONTROL
campo de control BRCA_3723
005 - FECHA Y HORA DE LA ÚLTIMA TRANSACCIÓN
campo de control 20190320204410.0
008 - DATOS DE LONGITUD FIJA--INFORMACIÓN GENERAL
campo de control de longitud fija 140909s1848----nyua---###---#000-0#eng-#
041 ## - CÓDIGO DE LENGUA
Código de lengua del texto/banda sonora o título independiente eng
044 ## - CÓDIGO DEL PAÍS DE LA ENTIDAD EDITORA/PRODUCTORA
Código MARC del país nyu
050 #4 - SIGNATURA TOPOGRÁFICA DE LA BIBLIOTECA DEL CONGRESO
Número de clasificación E406
Número de documento/Ítem .C37 1848
100 1# - ENTRADA PRINCIPAL--NOMBRE DE PERSONA
Nombre de persona Carleton, James Henry
Fechas asociadas al nombre 1814-1873
9 (RLIN) 9686
245 10 - MENCIÓN DE TÍTULO
Título The Battle of Buena Vista with the operations of the ´Army of occupation´ for one month
Mención de responsabilidad, etc. by James Henry Carleton.
260 ## - PUBLICACIÓN, DISTRIBUCIÓN, ETC.
Lugar de publicación, distribución, etc. New York
Nombre del editor, distribuidor, etc. Harper & Brothers
Fecha de publicación, distribución, etc. 1848
300 ## - DESCRIPCIÓN FÍSICA
Extensión 238 p.
Otras características físicas il., 1 mapa plegable
Dimensiones 18 cm.
500 ## - NOTA GENERAL
Nota general Incluye apéndice
500 ## - NOTA GENERAL
Nota general B346
650 14 - PUNTO DE ACCESO ADICIONAL DE MATERIA--TÉRMINO DE MATERIA
Término de materia o nombre geográfico como elemento de entrada Buena Vista, Batalla de
Subdivisión cronológica 1847
9 (RLIN) 9687
651 #4 - PUNTO DE ACCESO ADICIONAL DE MATERIA--NOMBRE GEOGRÁFICO
Nombre geográfico México
Subdivisión general Historia
Subdivisión cronológica 1845-1848
Subdivisión geográfica Guerra con Estados Unidos
9 (RLIN) 9688
651 #4 - PUNTO DE ACCESO ADICIONAL DE MATERIA--NOMBRE GEOGRÁFICO
Nombre geográfico Estados Unidos
Subdivisión general Historia
Subdivisión cronológica 1845-1848
Subdivisión geográfica Guerra con México
9 (RLIN) 9689
902 ## - CATALOGADOR
Iniciales GFM
942 ## - ELEMENTOS DE PUNTO DE ACCESO ADICIONAL (KOHA)
Fuente del sistema de clasificación o colocación Library of Congress Classification
Tipo de ítem Koha Libros
Holdings
Estado de retiro Estado de pérdida Estado dañado No para préstamo Localización permanente Ubicación/localización actual Fecha de adquisición Número de inventario Total de préstamos Signatura topográfica completa Código de barras Fecha visto por última vez Precio válido a partir de Tipo de ítem Koha
El ejemplar forma parte de la colección y puede ser consultado según las políticas vigentes.       Biblioteca del Museo Franz Mayer (Rogerio Casas-Alatriste) Biblioteca del Museo Franz Mayer (Rogerio Casas-Alatriste) 14/09/2009 B346   E406 .C37 1848 (B346) 3720 22/03/2019 22/03/2019 Libros